Größte Städte in Niedersachsen (mit Karte) - Statistiken

Allgemein
  • Dieses Quiz wurde 12.321 mal gespielt
    12.087 seit der letzten Aktualisierung
  • Das Durchschnittsergebnis liegt bei 24 aus 50
Antworten auf der Karte
Die Antworten werden auf der Karte rot bzw. grün angezeigt, abhängig davon wie oft sie richtig erraten wurden.
 
Antwortstatistiken
Einwohner Kreis Stadt % Korrekt
535.932 Hannover Hannover
99%
248.823 kreisfrei Braunschweig
91%
165.034 kreisfrei Osnabrück
88%
170.839 kreisfrei Oldenburg
87%
123.949 kreisfrei Wolfsburg
86%
116.557 Göttingen Göttingen
79%
49.523 kreisfrei Emden
78%
48.318 Cuxhaven Cuxhaven
75%
75.027 kreisfrei Wilhelmshaven
72%
100.319 Hildesheim Hildesheim
69%
75.599 Lüneburg Lüneburg
67%
103.694 kreisfrei Salzgitter
67%
69.279 Celle Celle
64%
77.522 kreisfrei Delmenhorst
57%
35.078 Leer Leer (Ostfriesland)
55%
47.579 Stade Stade
55%
42.544 Aurich Aurich
53%
50.010 Goslar Goslar
52%
57.394 Hameln-Pyrmont Hameln
50%
35.415 Emsland Meppen
50%
40.139 Stade Buxtehude
47%
50.461 Peine Peine
47%
33.629 Uelzen Uelzen
47%
36.183 Cloppenburg Cloppenburg
46%
33.309 Vechta Vechta
46%
51.986 Wolfenbüttel Wolfenbüttel
45%
55.599 Emsland Lingen (Ems)
44%
37.885 Emsland Papenburg
41%
42.993 Gifhorn Gifhorn
40%
54.712 Hannover Langenhagen
39%
31.570 Nienburg/Weser Nienburg/Weser
39%
54.162 Grafschaft Bentheim Nordhorn
39%
60.711 Hannover Garbsen
36%
32.379 Verden Achim
35%
46.732 Osnabrück Melle
31%
44.796 Hannover Neustadt am Rübenberge
31%
44.369 Hannover Lehrte
30%
35.630 Harburg Winsen (Luhe)
29%
40.164 Harburg Buchholz in der Nordheide
28%
41.965 Hannover Laatzen
28%
41.481 Hannover Wunstorf
27%
32.103 Osnabrück Bramsche
24%
31.790 Osnabrück Georgsmarienhütte
22%
41.931 Harburg Seevetal
22%
33.494 Diepholz Stuhr
22%
34.327 Hannover Barsinghausen
20%
34.271 Hannover Seelze
20%
31.162 Diepholz Weyhe
20%
31.578 Oldenburg Ganderkesee
18%
31.304 Cuxhaven Geestland
16%
Keine übereinstimmenden Quizze gefunden
Verteilung der Resultate
Anzahl Personen mit jedem Resultat
Perzentil nach korrekt beantworteten Fragen
Ihre Resultats-Entwicklung
Sie haben dieses Quiz seit der letzten Aktualisierung nicht gespielt